00523nam a2200157 a 450000100100000000500170001000800410002704000250006808200130009310000240010624500440013026000420017430000210021695201110023799900170034800004142320201002034857.0131003s1973 xxu 000 0 spa d aDO-SdBNPbspacBNPHU axxxbxxx1 aIllich, Ivan96809310aTools for conviviality. /cIvan Illich. aNew York :bPerennial Library,c1973. a135 p. ;c18 cm. 001050718MOaGRbGRcCTd2013-10-03iLF1l0oxxx xxxp41423-10r2020-06-25w2020-06-25y1ZNo se presta c40913d40913